Handball Players - Statistics

General Stats
  • This quiz has been taken 349 times
    306 since last reset
  • The average score is 28 of 50
Answer Stats
Hint Extra Hint Answer % Correct
Mikkel Hansen Left Back Denmark
81%
Dika Mem Right Back France
78%
Andreas Wolff Goalkeeper Germany
77%
Nikola Karabatić Left Back France
76%
Mathias Gidsel Right Back Denmark
74%
Niklas Landin Jacobsen Goalkeeper Denmark
74%
Ángel Fernández Pérez Left Wing Spain
73%
Gonzalo Pérez de Vargas Goalkeeper Spain
73%
Nedim Remili Centre Back France
72%
Juri Knorr Centre Back Germany
70%
Andreas Palicka Goalkeeper Sweden
70%
Ludovic Fabregas Pivot France
69%
Kai Häfner Right Back Germany
69%
Kentin Mahé Centre Back France
68%
Sander Sagosen Centre Back Norway
68%
Luka Cindrić Centre Back Croatia
66%
Melvyn Richardson Right Back France
66%
Rasmus Lauge Schmidt Centre Back Denmark
65%
Jim Gottfridsson Centre Back Sweden
64%
Luc Steins Centre Back Netherlands
62%
Domagoj Duvnjak Centre Back Croatia
61%
Igor Karačić Centre Back Croatia
61%
Simon Pytlick Left Back Denmark
61%
Torbjørn Bergerud Goalkeeper Norway
60%
Alex Dujshebaev Right Back Spain
60%
Jorge Maqueda Right Back Spain
58%
Kamil Syprzak Pivot Poland
57%
Aron Pálmarsson Left Back Iceland
56%
Bjarki Már Elísson Left Wing Iceland
55%
Hampus Wanne Left Wing Sweden
52%
Andreas Nilsson Pivot Sweden
51%
Máté Lékai Centre Back Hungary
50%
Marko Mamić Left Back Croatia
49%
Niclas Ekberg Right Wing Sweden
47%
Patrick Groetzki Right Wing Germany
45%
Pedro Portela Right Wing Portugal
43%
Richárd Bodó Left Back Hungary
42%
Jure Dolenec Right Back Slovenia
41%
Tomaš Mrkva Goalkeeper Czech Republic
40%
Christian O'Sullivan Centre Back Norway
39%
Dominik Máthé Right Back Hungary
37%
Nemanja Ilić Left Wing Serbia
36%
Mijajlo Marsenić Pivot Serbia
36%
Nikola Bilyk Left Back Austria
35%
Dejan Milosavljev Goalkeeper Serbia
34%
Robert Weber Right Wing Austria
33%
Miloš Vujović Left Wing Montenegro
33%
Gašper Marguč Right Wing Slovenia
32%
Bart Ravensbergen Goalkeeper Netherlands
29%
Michal Daszek Right Back Poland
29%
No matching quizzes found
Score Distribution
Percent of People with Each Score
Percentile by Number Answered
Your Score History
You have not taken this quiz since the last reset